| 000 | 01420nam a22003617a 4500 | ||
|---|---|---|---|
| 003 | CHAP | ||
| 005 | 20220329143545.0 | ||
| 008 | 100524s2007 mx r 00010 spa d | ||
| 010 | _a98497 | ||
| 011 | _a99469 | ||
| 020 | _a9688359890 | ||
| 035 | _a110155 | ||
| 040 | _cCHAP | ||
| 082 | 1 | 4 |
_a418.4 _bM79 |
| 100 | 1 |
_aMorales Sales, Edgar Samuel _978413 |
|
| 245 | 1 | 3 |
_aLa lectura en el medio universitario : _bprácticas, análisis de su problemática y propuestas de acciones para su fomento, el caso de una universidad pública mexicana de provincia _c/por Edgar Samuel Morales Sales y Guadalupe Isabel Carrillo Torea |
| 260 |
_aToluca, Méx. : _bUAEM, _c2007 |
||
| 300 | _a196 p. | ||
| 490 | _aCuadernos de investigación | ||
| 590 |
_aBATCH-UPD _b10 _c20130110 _lUCH01 _h1716 |
||
| 590 |
_aBATCH-UPD _b10 _c20130410 _lUCH01 _h1101 |
||
| 590 |
_aBATCH-UPD _b10 _c20130914 _lUCH01 _h0853 |
||
| 590 |
_aCONVERSION _b10 _c20130109 _lUCH01 _h1354 |
||
| 650 | 1 | 4 |
_aAprendizaje. _96370 |
| 650 | 1 | 4 |
_aLecturabilidad. _965502 |
| 700 | 1 |
_aCarrillo Torea, Guadalupe Isabel _919541 |
|
| 830 | 0 |
_aCuadernos de investigación _929789 |
|
| 901 | _aBK | ||
| 942 | _cLIBRO | ||
| 949 |
_a418.4 M79 _bBC _cLIBRO _d33724002161215 _eLIBRO _gI.c/e _h112612 _i110155 _sb |
||
| 949 |
_a418.4 M79 _bBC _cLIBRO _d33724002161256 _eLIBRO _fc.3 _h113216 _i110155 _sb |
||
| 949 |
_a418.4 M79 _bBC _cLIBRO _d33724002161298 _eLIBRO _fc.2 _gI.c/e _h112613 _i110155 _sb |
||
| 999 |
_c98497 _d98497 |
||